| 000 | 00598nam a22001937a 4500 | ||
|---|---|---|---|
| 999 |
_c61739 _d61739 |
||
| 005 | 20240425132141.0 | ||
| 008 | 240425s2008 enk||||| |||| 00| 0 eng d | ||
| 020 | _a9781420047431x | ||
| 041 | _aeng | ||
| 080 | _a615 E-14 | ||
| 100 |
_aEbadi, Manuchair _921937 |
||
| 245 |
_aDesk Reference of Clinical Pharmacology / _cManuchair Ebadi. |
||
| 260 | _a2nd Edition | ||
| 264 |
_aBoca Taton : _bCRC Press, _c2008. |
||
| 300 |
_a791 p.; _b29 cm. |
||
| 653 | _aკლინიკური ფარმაკოლოგია | ||
| 653 | _aმედიცინა | ||
| 942 |
_2udc _cᲬᲘᲒᲜᲘ |
||